00659cam a22001813a 450000100060000000300060000600500170001200800410002904000150007004200070008510000440009224501910013626000290032750600300035651600200038683000290040685600420043536376PGUSA20140828083804.0110613s2011||||xxu|||||s|||||000 | eng d aPGUSAbeng adc1 aWeems, M. L.q(Mason Locke),d1759-182514aThe Life of Benjamin Franklin :bWith Many Choice Anecdotes and admirable sayings of this great man never before published by any of his biographersh[electronic resource] /cM. L. Weems bProject Gutenberg,c2011 aPublic domain in the USA. aElectronic text 0aProject Gutenbergv3637640uhttp://www.gutenberg.org/ebooks/36376